[Event "EU-Cup 07th semifinal"]
[Site "Moscow"]
[Date "1990.09.??"]
[Round "4.2"]
[White "Bareev, Evgeny"]
[Black "Yurtaev, Leonid"]
[Result "0-1"]
[WhiteElo "2605"]
[BlackElo "2515"]
[Annotator "Knaak,R"]
[PlyCount "113"]
[EventDate "1990.09.??"]
[EventType "team-match"]
[EventRounds "2"]
[EventCountry "URS"]
[SourceTitle "EXT 2020"]
[Source "ChessBase"]
[SourceDate "2019.10.17"]
[SourceVersion "1"]
[SourceVersionDate "2019.10.17"]
[SourceQuality "1"]
[WhiteTeam "Moscow Tigran Petrosian"]
[BlackTeam "Moscow CSKA"]
[WhiteTeamCountry "RUS"]
[BlackTeamCountry "URS"]

1. d4 Nf6 2. c4 g6 3. Nc3 Bg7 4. e4 d6 5. Be2 O-O 6. Bg5 h6 7. Be3 c5 8. e5
dxe5 9. dxe5 Qxd1+ 10. Rxd1 Ng4 11. Bxc5 Nxe5 12. Nd5 Nbc6 13. f4 (13. b3)
13... Ng4 14. Bf3 $5 (14. h3) 14... Bf5 15. Ne2 Rfd8 16. h3 Nf6 17. Ng3 Bc2 18.
Rd2 (18. Nxe7+ $5 Nxe7 19. Rxd8+ Rxd8 20. Bxe7) 18... Bb1 $1 19. b3 Nxd5 20.
cxd5 Bc3 21. Ke2 Bxd2 22. Rxb1 Bb4 $1 (22... Bxf4 $2 23. dxc6 Bxg3 24. cxb7
Rab8 25. Bxa7) 23. dxc6 Bxc5 24. c7 Rf8 $1 25. Bxb7 Bd6 26. Bxa8 Rxa8 27. Rc1
$2 {danach läßt sich R-Tausch kaum vermeiden} (27. Kf3 Bxc7 28. b4 Rd8 29. Rb3
$10) 27... Rc8 28. Kf3 Rxc7 29. Rxc7 Bxc7 30. Nf1 f5 $17 {die weiße Majorität
am Q-Flügel ist wertlos und der B ist im 2-Flügelendspiel besser als der N} 31.
Nd2 Kf7 32. Ke3 g5 33. fxg5 hxg5 34. Nf3 Bf4+ 35. Kf2 Kf6 36. Nd4 Bd6 37. Ke2
Bc5 38. Nc6 Ke6 39. Nd8+ Ke5 40. Kf3 Bb6 41. Nc6+ Kd6 42. Nb4 e5 43. Ke2 e4 44.
Na6 Ke5 45. Nb4 Bc5 46. Nc6+ Kd5 47. Na5 f4 48. Nc4 Kd4 49. Na5 Kd5 50. Nc4 Bb4
51. Kf2 Kd4 52. Ke2 Kc3 53. Nd2 Kd4 54. Nc4 e3 55. a3 Bc5 56. Na5 Bb6 57. Nc6+
0-1

[Event "Moscow5"]
[Site "Moscow"]
[Date "1991.??.??"]
[Round "?"]
[White "Moskalenko, Viktor"]
[Black "Shirov, Alexei"]
[Result "0-1"]
[WhiteElo "2480"]
[BlackElo "2610"]
[Annotator "Knaak,R"]
[PlyCount "84"]
[EventDate "1991.05.??"]
[EventType "tourn"]
[EventRounds "11"]
[EventCountry "URS"]
[EventCategory "10"]
[SourceTitle "CBM 026"]
[Source "ChessBase"]
[SourceDate "1992.02.01"]
[SourceVersion "1"]
[SourceVersionDate "1992.02.01"]
[SourceQuality "1"]

1. d4 Nf6 2. c4 g6 3. Nc3 Bg7 4. e4 d6 5. Be2 O-O 6. Bg5 h6 7. Be3 Nbd7 8. Qd2
c5 9. d5 Qa5 10. f3 (10. a4 $1 a6 11. Ra3 $16) 10... Kh7 11. Nh3 a6 12. Nf2 b5
$1 13. cxb5 (13. f4 $5) 13... Nb6 14. Nfd1 Nfd7 15. a4 Ne5 16. b3 axb5 17. Bxb5
f5 $1 18. exf5 (18. O-O fxe4 19. fxe4 Rxf1+ 20. Bxf1 Ng4 $36) 18... Bxf5 19. h3
Qb4 $5 20. f4 Ned7 21. g4 (21. Rc1 Nf6) 21... Be4 22. O-O Qxb3 23. Nxe4 Bxa1
24. Ndc3 Bxc3 25. Nxc3 Nxa4 $1 26. Bxa4 Rxa4 27. Nxa4 Qxa4 $19 28. f5 g5 29.
Bf2 Qb3 30. Re1 $6 Ne5 31. Re3 Nf3+ 32. Rxf3 Qxf3 33. Qe1 Qxd5 34. Qxe7+ Rf7
35. Qe8 h5 36. Bg3 hxg4 37. hxg4 Kg7 38. Qd8 Qd4+ 39. Kh2 Qxg4 40. f6+ Rxf6 41.
Qe7+ Rf7 42. Qxd6 Qe2+ 0-1

[Event "Dortmund"]
[Site "Dortmund"]
[Date "1992.??.??"]
[Round "2"]
[White "Bareev, Evgeny"]
[Black "Shirov, Alexei"]
[Result "1-0"]
[WhiteElo "2635"]
[BlackElo "2655"]
[Annotator "Dautov,R"]
[PlyCount "75"]
[EventDate "1992.04.16"]
[EventType "tourn"]
[EventRounds "9"]
[EventCountry "GER"]
[EventCategory "17"]
[SourceTitle "CBM 029"]
[Source "ChessBase"]
[SourceDate "1992.08.01"]
[SourceVersion "1"]
[SourceVersionDate "1992.08.01"]
[SourceQuality "1"]

1. d4 Nf6 2. c4 g6 3. Nc3 Bg7 4. e4 d6 5. Be2 O-O 6. Bg5 h6 7. Be3 Nbd7 (7...
c5 $5) 8. Qc2 {N} (8. Qd2 c5 (8... Kh7 9. h4 e5 10. h5 g5 11. d5 Ne8 12. g4 Bf6
13. Nf3 Be7 14. Nh2 c5 15. O-O Nc7 16. Rfb1 $16 {Polugaevskij-Norbi Lugano(op)
1968m}) 9. d5 Qa5 $1 10. f3 Kh7 11. Nh3 a6 12. Nf2 b5 13. cxb5 Nb6 14. O-O (14.
Nfd1 Nfd7 15. a4 Ne5 16. b3 axb5 17. Bxb5 f5 18. exf5 Bxf5 19. h3 Qb4 20. f4
Ned7 21. g4 Be4 22. O-O Qxb3 $17 {Moskalenko,V-Shirov,A Moscow5 1991}) 14...
Nfd7 15. Nfd1 Ne5 16. b3 axb5 17. Bxb5 f5 18. Rc1 g5 19. exf5 Bxf5 20. Be2 c4
$44 {Yakovich,Y-Bologan,V Gausdal 1991 52/606}) 8... e5 (8... c5 9. d5 Qa5 10.
Bd2 $1 $14) 9. d5 c6 10. h4 h5 $2 {><g5} (10... cxd5 $142 11. cxd5 a6 12. h5 g5
13. a4 (13. Nf3 Ng4 14. Bd2 f5 15. exf5 Nc5 $132) 13... Qa5 14. Ra3 (14. Nf3 b5
15. Nd2 Nc5 $132) 14... Nc5 15. Bd2 Bd7 $13) 11. Nh3 cxd5 12. cxd5 a6 (12...
Ng4 13. Bd2 f5 (13... Qb6 14. Na4) 14. Ng5 $16) 13. Ng5 b5 14. a4 b4 15. Nd1 a5
(15... Bb7 16. a5 Rc8 17. Qb3 $16) 16. Rc1 $16 Bb7 (16... Ba6 17. Bxa6 Rxa6 18.
f3 Ra8 19. b3 Rc8 20. Qxc8 Qxc8 21. Rxc8 Rxc8 22. Kd2 Nc5 23. Bxc5 Rxc5 24. Ne3
Rc3 25. Rc1 Rxb3 26. Rc8+ Bf8 27. Nc4 $16) (16... Ng4 $5 17. Bxg4 (17. Bd2 Nc5
18. f3 Nf6 19. b3 $14) 17... hxg4 18. Qc6 Ba6 (18... Ra6 19. Qc7 Nf6 20. b3 Bd7
21. Qxd8 Rxd8 22. Nb2 $16) 19. Qxd6 $16) 17. Qc7 Qb8 18. Bb5 Rc8 19. Qxb8 Raxb8
20. Kd2 Rxc1 21. Kxc1 Rc8+ 22. Kb1 Kf8 (22... Nc5 23. Bxc5 Rxc5 24. Ne3 Ng4 25.
Nc4 Nxf2 26. Rf1 $18) 23. b3 Ke7 24. Nb2 Rc3 (24... Ng4 25. Bxd7 Kxd7 26. Nc4
Rf8 27. Ba7 $18) 25. Rc1 Rxc1+ (25... Rxb3 26. Rc7 Ba8 27. Ra7 $18) 26. Kxc1
Ng4 27. Ba7 $18 Bh6 28. f3 f6 (28... Ngf6 29. Nc4 Nh7 30. Be3 $18) 29. fxg4
fxg5 30. Be3 $1 Nc5 31. hxg5 Bg7 32. Bxc5 dxc5 33. Nc4 Bc8 34. d6+ Kd8 35. d7
Bxd7 36. Bxd7 Kxd7 37. Nxa5 Kc7 38. Nc4 {/\Kc2-d3,Ne3,Kc4} 1-0

[Event "Hastings 9293"]
[Site "Hastings"]
[Date "1992.??.??"]
[Round "12"]
[White "Bareev, Evgeny"]
[Black "Nunn, John DM"]
[Result "0-1"]
[WhiteElo "2670"]
[BlackElo "2595"]
[Annotator "Ernst,T"]
[PlyCount "88"]
[EventDate "1992.12.??"]
[EventType "tourn"]
[EventRounds "14"]
[EventCountry "ENG"]
[EventCategory "13"]
[SourceTitle "CBM 033"]
[Source "ChessBase"]
[SourceDate "1993.04.01"]
[SourceVersion "1"]
[SourceVersionDate "1993.04.01"]
[SourceQuality "1"]

1. d4 Nf6 2. c4 g6 3. Nc3 Bg7 4. e4 d6 5. Be2 O-O 6. Bg5 Na6 7. h4 c5 (7... e5
8. d5 c6 9. h5 Qa5 (9... cxd5 10. cxd5 Qb6 11. Rb1 Nc5 12. Be3 a5 $14 {
Bagonyai,A-Broznik,V/Balatonbereny op/1992/1/2-1/2/31/}) 10. h6 Bh8 11. Bd2 Qb6
12. Rb1 Qd8 13. b4 $14 {Petrosian,A-Xie Jun/Shenzhen/1992/1-0/68/}) (7... h6 8.
Be3 e5 9. d5 Nc5 (9... h5 10. f3 c6 11. Qd2 cxd5 12. cxd5 Bd7 13. Nh3 Nc5 14.
Nf2 Rc8 15. Rc1 Qa5 16. O-O Nh7 17. Nb5 Qxd2 $10 {Bykhovsky,Av-Dolmatov,S/
Dortmund op-A/1992/1/2-1/2/44/}) 10. Qc2 (10. Bf3 a5 11. g4 c6 12. g5 hxg5 13.
hxg5 Nh7 14. Qd2 cxd5 15. cxd5 a4 16. Bd1 Bd7 17. f3 Re8 18. Nh3 {Bagonyai,
A-Collinson,A/Balatonbereny op/1992/1/2-1/2/20/}) 10... c6 11. h5 g5 12. f3 a5
13. g4 Bd7 14. Nh3 a4 15. Qd2 cxd5 16. cxd5 Qa5 17. Nb1 Nfxe4 18. fxe4 Nxe4 19.
Qxa5 Rxa5 20. Nc3 Ng3 {Bareev,E-Kasparov,G/Linares/1992/1/2-1/2/48/}) 8. d5 Nc7
9. Qd2 e6 10. e5 dxe5 11. d6 Nce8 12. Rd1 $5 (12. O-O-O {Bareev,E-Polgar,J/
Hastings (07)/1992/0-1/49/}) 12... Qd7 13. Qe3 $5 (13. Nf3 e4 14. Ne5 Qxd6 15.
Qxd6 Nxd6 16. Rxd6 Ne8 17. Nxf7 Kxf7 $10) 13... b6 14. Nf3 Nh5 $5 15. Be7 f6 $1
(15... Nf4 $2 16. Qxe5 Bxe5 17. Nxe5 Nxe2 (17... Qb7 18. Bf3) 18. Nxd7 Nxc3 19.
Nxf8 Nxd1 20. Kxd1 $16) 16. Bxf8 Bxf8 17. Ne4 Nf4 18. O-O Bg7 19. Rfe1 Bb7 20.
Bf1 Bh6 21. Qc3 Bxe4 22. Rxe4 Nxd6 $17 23. Ree1 e4 24. Nh2 f5 25. Qe5 Rd8 26.
Rxe4 Nh3+ 27. gxh3 fxe4 28. Ng4 Bg7 29. Qg5 Rf8 30. b4 Bd4 31. Rxd4 cxd4 32.
Qe5 h5 33. Nf6+ Rxf6 34. Qxf6 d3 35. Qd4 Qc6 36. f3 Nf5 37. Qd8+ Kh7 38. fxe4
Qxe4 39. Qxd3 Qxh4 40. Qd7+ Kh6 41. Qxe6 Qd4+ 42. Kh1 Qf2 43. Bg2 Ng3+ 44. Kh2
Ne2 0-1

[Event "Interzonal-16"]
[Site "Biel"]
[Date "1993.??.??"]
[Round "9"]
[White "Bareev, Evgeny"]
[Black "Gelfand, Boris"]
[Result "0-1"]
[WhiteElo "2660"]
[BlackElo "2670"]
[Annotator "Gelfand,B"]
[PlyCount "109"]
[EventDate "1993.07.16"]
[EventType "swiss"]
[EventRounds "13"]
[EventCountry "SUI"]
[SourceTitle "CBM 037"]
[Source "ChessBase"]
[SourceDate "1993.12.01"]
[SourceVersion "1"]
[SourceVersionDate "1993.12.01"]
[SourceQuality "1"]

1. d4 {Wedberg} Nf6 2. c4 g6 3. Nc3 Bg7 4. e4 d6 5. Be2 O-O 6. Bg5 Na6 7. h4 e5
8. d5 h6 (8... c6 {Wedberg} 9. h5 Qa5 (9... h6 10. Be3 g5 $13 {A.
Petrosjan-Wang Zili/Shenzehen 1992}) 10. h6 Bh8 11. Bd2 Qb6 12. Rb1 Qd8 13. b4
c5 14. b5 Nc7 $16 {A.Petrosjan-Xie Jun/Shenzhen 1992}) 9. Be3 Nc5 10. Qc2 c6
11. h5 cxd5 12. cxd5 Bd7 $1 $146 (12... g5 {Wedberg}) 13. hxg6 fxg6 14. b4 (14.
Bxh6 Bxh6 15. Rxh6 Kg7 16. Rh4 (16. Rh1 {Wedberg} Rc8 17. f3 Nh5 $44) 16... Rh8
17. Rxh8 Qxh8 $44) 14... Na6 15. a3 h5 16. f3 Nh7 $2 (16... Nc7 $142 17. Nh3
Nh7 $132 {/\ Bf6,Bh3,Bg5}) 17. Nb5 $1 Bxb5 (17... Qe7 18. Nh3 $16) (17... Qf6
$6 18. Nxa7 $140 Rxa7 19. Bxa7 Ra8 20. Be3 Nxb4 21. Qd2) (17... Be8 $6 18. Nxa7
Nc7 19. Bb6 Rf7 20. Nb5 (20. Rc1 Qb8) 20... Bxb5 21. Bxb5 Qg5 22. Bc4) 18. Bxb5
Bf6 (18... Nc5 $6 19. bxc5 (19. Nh3) 19... Qa5+ 20. Qd2 Qxb5 21. cxd6 Rfd8 22.
Ne2 $16 (22. Qb4 $5)) 19. Nh3 Bh4+ (19... Ng5 20. Qd2 $1 $16 (20. Nf2 $6 Nf7 $1
{/\ Bg5})) 20. Ke2 Nc7 21. Bd3 Ne8 22. Rac1 $1 Rf7 $2 (22... g5 $142 23. g4 (
23. Rcg1 $6 Qf6 (23... Bg3 24. Qd2 $1 g4 25. fxg4 hxg4 26. Nf2 $16) 24. Nf2 g4
$1 $36) 23... Qd7 24. Rhg1 (24. gxh5 g4 $1 25. Ng1 Bg5 $1) 24... Rf7 25. a4
hxg4 26. fxg4 Nef6 27. Bb5 Qe7 $132) (22... Qd7 23. a4 $1 Bd8 24. a5 a6 25. Qc3
$14) 23. Qd2 Nef6 (23... Qd7 {/\ Bd8-b6} 24. Ng5 $1 Bxg5 25. Bxg5 Nxg5 26. Qxg5
Rg7 27. Rc3 $14) (23... Ng7 24. Rhg1 $1 (24. Rcg1 $6 Bg3 25. Ng5 Nxg5 26. Bxg5
Qb6 {/\ Bf4<=>} (26... Qe8 $5 $132)) (24. Rc3 $6 g5 25. Rg1 g4 $1 $36) 24...
Bg3 (24... g5 $2 25. g3 g4 26. gxh4 gxh3 27. Qe1 $1 $16) 25. Rc3 $1 h4 26. Rgc1
Nh5 27. Qc2 $1 Nf4+ (27... Rf8 28. Rc7 Nf4+ 29. Bxf4 Bxf4 30. Nxf4 Qg5 $140 $2
31. Rg7+ Kh8 32. Qc7 $18) (27... Qf6 28. Rc8+ Rxc8 29. Qxc8+ Kg7 30. Qe6 $16)
28. Nxf4 Bxf4 29. Rc8 $1 (29. Bxf4 Rxf4 30. Rc8 Rxc8 31. Qxc8 Qxc8 32. Rxc8+
Rf8 $10) 29... Rxc8 30. Qxc8 $16 {xa7}) 24. Rc3 (24. Rhg1 $5 Qd7 (24... Bg3 25.
Rc3 $1 {/\ Rgc1,Qc2}) 25. Nf2 (25. Rc3 $6 Ng4 $1 $36) 25... Bg3 (25... Raf8 $2
26. g3) 26. Rc3 Bf4 27. Bxf4 exf4 28. Rgc1 g5 (28... Re8 29. Kf1 {/\Qc2, a4,
Bb5}) 29. Qc2 Raf8 30. a4 Qe7 31. Rc7 $1 Qxc7 32. Qxc7 Rxc7 33. Rxc7 $16) 24...
g5 $1 (24... Qd7 $2 25. Rhc1 Ng4 $140 26. Rc7 $18) 25. Rg1 $1 (25. Nxg5 Bxg5
26. Bxg5 Rg7 $1 $132) 25... g4 26. g3 gxf3+ $1 (26... gxh3 27. gxh4+ $16) 27.
Kd1 (27. Kf1 Ng4 28. gxh4 Qxh4 (28... f2 29. Bxf2 Qxh4 30. Qe3 $1 Kh8 31. Qg3
Qxg3 32. Rxg3 Raf8 33. Rc2 Rf3 34. Kg2 $18) 29. Nf2 Rg7 30. Rh1 Nh2+ (30... Qh2
31. Ke1 $1 Qg3 32. Qc1 $16) 31. Ke1 $16) 27... Ng4 28. gxh4 Qxh4 29. Bf1 (29.
Nf2 $1 Rg7 30. Kc1 $1 {/\Kb2, Rcc1} Qh2 31. Nxg4 Qxd2+ 32. Kxd2 hxg4 33. Bf2
Nf6 34. Ke3 {/\Bg3, Kf2+/-}) 29... Rg7 $1 (29... Kh8 $2 30. Bg5 $1 Nxg5 31.
Qxg5 $18) 30. Bf2 Qf6 (30... Nxf2+ 31. Qxf2 Qxf2 32. Rxg7+ $18) 31. Rg3 (31.
Kc1 $1 Kh8 32. Kb2 $16) 31... Rf8 (31... Qg6 32. Kc1 $1 (32. Rcxf3 h4 (32...
Qxe4 $2 33. Bd3) 33. Rg1 Qxe4 $132) 32... Nhf6 (32... h4 33. Rg1 (33. Rgxf3 $2
Nh2 $1) 33... Nhf6 34. Qc2 Nxe4 35. Be3 $1 (35. Rc8+ $2 Rxc8 36. Qxc8+ Kh7 37.
Bd3 Qh6+ 38. Kb1 Ngxf2 39. Qf5+ Kh8 40. Rxg7 Qxg7 41. Bxe4 Nxe4 42. Qxe4 Qg3
$132) 35... Ng3 $140 36. Ng5 $18) 33. Qc2 $1 Nxe4 (33... Qh6+ 34. Kb2 $1 (34.
Kb1 $2 Nxf2 35. Rc8+ (35. Rxg7+ Qxg7 36. Nxf2 Qg1) 35... Rxc8 36. Qxc8+ Kh7 37.
Qf5+ Kh8 38. Rxg7 Kxg7 39. Nxf2 Qd2 $1 $10) 34... Nxf2 35. Rxg7+ Qxg7 36. Nxf2
Qg1 37. Rxf3 $18 (37. Bh3 $18)) 34. Rc8+ Rxc8 35. Qxc8+ Kh7 36. Bd3 Qh6+ 37.
Kb1 Ngxf2 38. Nxf2 $1 (38. Qf5+ Kg8 39. Rxg7+ $140 Qxg7 40. Bxe4 Nxe4 41. Qxe4
Qg2 $36) 38... Rxg3 39. Nxe4 Rg1+ 40. Kb2 Kg7 41. Qd7+ $1 Kh8 (41... Kf8 42.
Qd8+ Kg7 43. Qe7+ $18) 42. Nf6 $1 $18) 32. Ke1 $1 (32. Rcxf3 $2 Qxf3+ 33. Rxf3
Rxf3 $17) 32... Nh2 $1 (32... Qg6 33. Qc2 $16) 33. Bb5 Kh8 (33... Rg4 $2 34.
Bd7) (33... h4 34. Rg1 $1 (34. Rxg7+ Qxg7 $132) 34... Kh8 35. Qc2 a6 (35... Rg2
36. Bd7 Qg6 37. Bf5 $16) 36. Bf1 $16) 34. Qc2 Rg4 (34... a6 $142 35. Bd3 Rg4
36. Rc8 Qg7 37. Rxf8+ Qxf8 38. Rg1 $16) (34... Rfg8 35. Rc8 Nf8 36. Rxg7 Rxg7 (
36... Qxg7 37. Qc7 Qg2 38. Qxd6 $18) 37. Re8 {/\ Qc8+-}) 35. Rxg4 $2 $138 (35.
Bd7 $1 Rxg3 36. Bxg3 Qg7 37. Qxh2 Qxd7 38. Nf2 Rc8 39. Bxe5+ $1 dxe5 40. Qxe5+
Kg8 41. Rxf3 $18) (35. Rc8 {Wedberg} Rxe4+ 36. Qxe4 Rxc8 37. Rg6 Qe7 38. Ng5
Nxg5 39. Qh4 Qc7 40. Rh6+ Nh7 41. Qf6+ Qg7 42. Rxh7+ Kxh7 43. Qf5+ Qg6 44. Qxc8
Qe4+ 45. Kd2 Qxd5+ 46. Bd3+ e4 47. Qd7+ Kg6 48. Qe8+ Kf5 49. Qxh5+ Ke6 50. Qg6+
Ke5 51. Bg3+ Kd4 52. Qf6+) 35... hxg4 $17 36. Bg3 gxh3 37. Qxh2 (37. Bxh2 Qg6
$1 (37... f2+ 38. Kf1 Qg6 $140 39. Rg3) (37... Ng5 38. Kf1) 38. Kf1 (38. Bf1
f2+ $1 39. Kd1 Qg1 $1 $19) 38... Qg4 $1 $17) 37... Qg6 38. Re3 (38. Bd3 Qh6 $1
(38... Qg4 $5 $17) 39. Bf1 (39. Bb1 Nf6 $1 $19) 39... Ng5 $17) 38... Qg4 39.
Bf2 (39. Kf2 Nf6 40. Bf1 (40. Bd3 Qh5) 40... Nxe4+ 41. Rxe4 Qxe4 42. Qxh3+ Kg7
43. Qd7+ Rf7 44. Qxd6 Qd4+ 45. Ke1 f2+ 46. Ke2 Qc4+ 47. Ke3 Qc3+ $19) (39. Bd3
Nf6 40. Bf2 (40. Bf1 Nxe4 $19) 40... Nh5 $5 {/\ Nf4-/+}) 39... Ng5 $1 (39...
Qg2 40. Qxg2 hxg2 41. Bd7 $1 $16) 40. Qg3 $2 Qh5 $2 $138 (40... Qf4 $1 {/\h2}
41. Kd1 h2 42. Re1 (42. Qxf4 Rxf4 43. Re1 Nxe4 $19) 42... Qxg3 43. Bxg3 Nxe4
44. Bxh2 Nc3+ $19) 41. Qh2 Qg4 42. Bf1 Rf7 (42... Qf4 43. Bg1 $8 (43. Qh1 h2
$19) 43... Rc8 (43... Kg7 44. Qxf4) 44. Qxf4 $1 $8 (44. Kd1 Qf7 $1 $19) 44...
exf4 (44... Rc1+ 45. Kd2 exf4 46. Re1) 45. Rd3 Nxe4 (45... Rc1+ 46. Rd1 Rc2 47.
Rd2 $10) 46. Rxf3 $1 (46. Bxh3 $2 Rc1+ $1) 46... Rc1+ 47. Ke2 Ng3+ 48. Rxg3
fxg3 49. Bxh3 $13) (42... Rc8 43. Kd2 $1 (43. Kd1 $2 Qd7 $1 $19) 43... Rc7 (
43... Qd7 44. Bxh3 $1 Qh7 45. Bg3) 44. Qg3 Qc8 45. Qh4+ Nh7 46. Rd3 $1 $16 Rc2+
(46... Rc1 47. Qxh3 $16) 47. Ke3) (42... Rf4 $1 {xe4} 43. Bg3 Rxe4 $19) 43. Kd1
(43. Bg3 f2+ $1 44. Bxf2 Nf3+ 45. Rxf3 Rxf3 46. Be2 Qxe4 47. Bg3 Qb1+ 48. Kd2
Qb2+ 49. Kd1 Qb3+ $19) 43... Rh7 44. Bd3 $6 (44. Bg3 Kg8 $1 (44... f2+ 45. Kc1
Rc7+ 46. Kb2 Qd1 47. Bxe5+ $1 $8 (47. Qxf2 Rf7 $19) 47... Kg8 48. Bc3 $1 Rxc3
49. Rxc3 Qxf1 50. Rc2) 45. Bd3 f2+ $1 46. Kc1 Rc7+ 47. Kb2 Qd1 48. Qxf2 Qc1+
49. Ka2 Rc3 50. Qb2 Qxe3 51. Qxc3 Qxg3 52. Qc8+ Kg7 53. Qd7+ Nf7 $19) 44... Qg2
$1 $19 45. Bg3 (45. Qxg2 fxg2 $19) 45... Rf7 46. Re1 f2 47. Bxe5+ (47. Rf1 Nf3
$1 $19 (47... Rf3 $19 {Wedberg})) 47... dxe5 48. Qxe5+ Kh7 49. Rf1 h2 50. Kc2
h1=Q 51. Rxh1+ Qxh1 52. Qxg5 f1=Q 53. Bxf1 Rxf1 54. Qe7+ Kh6 55. Qe6+ 0-1

[Event "Olympiad-32"]
[Site "Yerevan"]
[Date "1996.10.01"]
[Round "14.1"]
[White "Jussupow, Artur"]
[Black "Smirin, Ilia"]
[Result "1/2-1/2"]
[WhiteElo "2665"]
[BlackElo "2625"]
[Annotator "Psakhis,L"]
[PlyCount "80"]
[EventDate "1996.09.15"]
[EventType "team-swiss"]
[EventRounds "14"]
[EventCountry "ARM"]
[SourceTitle "CBM 055"]
[Source "ChessBase"]
[SourceDate "1996.12.01"]
[SourceVersion "1"]
[SourceVersionDate "1996.12.01"]
[SourceQuality "1"]
[WhiteTeam "Germany"]
[BlackTeam "Israel"]
[WhiteTeamCountry "GER"]
[BlackTeamCountry "ISR"]

1. d4 Nf6 2. c4 g6 3. Nc3 Bg7 4. e4 d6 5. Be2 O-O 6. Bg5 Na6 7. Qd2 e5 8. d5 c6
9. f3 Qa5 $5 (9... cxd5 10. cxd5 Bd7 11. g4 Qa5 12. Nh3 Rfc8 13. Nf2 Nc5 14.
Rb1 Qb6 15. h4 Na4 16. Nfd1 Nxc3 17. Nxc3 h5 18. Be3 Qd8 19. g5 $14 {Dao,
T-Stocek,J/Budapest/1996/1:0/46/}) 10. g4 h5 11. h3 cxd5 {N/} (11... Bd7 12.
O-O-O cxd5 13. Nxd5 $5 Qxd2+ 14. Rxd2 Nxd5 15. Rxd5 Be6 16. Rxd6 Rfc8 17. Kb1
$14 {Wang,Y-Smirin,I/Beijing op/1996/1:0/46/}) 12. Nxd5 (12. cxd5 Bd7 $13)
12... Qxd2+ 13. Kxd2 (13. Bxd2 Nxd5 14. cxd5 f5 $10) 13... Nxd5 14. cxd5 f6 15.
Be3 f5 (15... h4 $5) 16. g5 (16. exf5 gxf5 17. gxh5 Bd7 $44) 16... Bd7 17. Bd3
(17. Rc1 $5) 17... h4 $1 (17... Nb4 18. Bb1) 18. Rc1 Nc5 $1 19. Bxc5 (19. Bb1
Rac8) 19... dxc5 20. Rxc5 Rfc8 21. Rxc8+ Rxc8 $44 22. exf5 (22. Ne2 f4 23. Nc3
a6 $15) 22... gxf5 23. Ne2 Bf8 24. Nc3 Be7 25. Kd1 Kf7 (25... a6 $5 26. Re1 Bd6
$15) 26. Re1 Bxg5 $6 (26... Bd6 $142 $1 27. Nb5 $140 (27. Bb5 Rxc3 28. Bxd7
Rxf3 $17) 27... Bxb5 28. Bxb5 Rc5 29. Bd3 Rxd5 30. Ke2 Kg6 $15) 27. Rxe5 Bf6
28. Re1 (28. Rxf5 Bxf5 29. Bxf5 Rc4 $15) 28... Bxc3 29. bxc3 Rxc3 30. Kd2 Ra3 (
30... Rc8 31. f4 Rg8 32. d6 $1 Rg2+ (32... Be6 $4 33. Rxe6 $18) 33. Kc3 Be6 34.
Bc4 $14) 31. Bc4 Kf6 (31... Rxf3 32. d6+ Kf6 33. Re7 Rf4 (33... Bc6 34. Rf7+
Ke5 35. d7) 34. Kc3 (34. Rxd7 Rxc4 35. Rxb7 Ra4 36. d7 Rxa2+ 37. Ke3 Ra3+ 38.
Kd4 Ke7 39. Ke5 Rxh3) 34... b5 $10) 32. Bb3 f4 33. Re4 Kg5 (33... Bxh3 34.
Rxf4+ Kg5 35. Rf7 b5 36. Ke3 $16) 34. Re5+ (34. Re7 Bxh3 35. Rxb7 Bf5 $10 36.
d6 $2 Ra6 $1) 34... Kg6 35. d6 Ra6 (35... Bxh3 36. Be6 $1 Re3 $1 (36... Bxe6
37. Rxe6+ Kf7 (37... Kf5 38. d7 Rxa2+ 39. Kc3 Ra3+ 40. Kd4 Ra4+ 41. Kd5 Ra5+
42. Kd6 Ra6+ 43. Kc7 $18) 38. d7 Rxa2+ 39. Kc3 Ra3+ 40. Kd4 Ra1 41. Rd6 $1 $18)
37. d7 Rxe5 38. d8=Q Bxe6 39. Qxh4 Bxa2 $10) 36. Rd5 Kf6 37. Kd3 Rb6 $10 38.
Rd4 Ke5 39. Rd5+ Kf6 40. Rd4 Ke5 1/2-1/2

[Event "Dortmund SuperGM 25th"]
[Site "Dortmund"]
[Date "1997.07.12"]
[Round "8"]
[White "Jussupow, Artur"]
[Black "Gelfand, Boris"]
[Result "1/2-1/2"]
[WhiteElo "2640"]
[BlackElo "2695"]
[Annotator "Hazai,L"]
[PlyCount "155"]
[EventDate "1997.07.04"]
[EventType "tourn"]
[EventRounds "9"]
[EventCountry "GER"]
[EventCategory "18"]
[SourceTitle "CBM 060"]
[Source "ChessBase"]
[SourceDate "1997.09.29"]
[SourceVersion "1"]
[SourceVersionDate "1997.09.29"]
[SourceQuality "1"]

1. d4 Nf6 2. c4 g6 3. Nc3 Bg7 4. e4 d6 5. Be2 O-O 6. Bg5 Na6 7. Qd2 e5 8. d5 c6
9. f3 cxd5 10. cxd5 Bd7 11. Bb5 {White wants to exchange his bad B for Black's
good one in order to weaken the light squares. However this is a time
consuming operation.} (11. h4 {See Se.Ivanov-Groszpeter, Budapest 1996 CBM 56})
(11. g4 {See CBM 56 the above-mentioned game's notes.}) 11... Bxb5 (11... Qa5
$1 12. Bxd7 Nxd7 13. Nge2 (13. Be7 Rfc8 14. Bxd6 Nac5 (14... Bh6 $5 15. Qxh6
Rxc3 16. Qd2 Re3+ 17. Ne2 Qb6) (14... b5 $5)) 13... b5 14. O-O (14. Be7 $2 Rfe8
15. Bxd6 Qb6) 14... b4 15. Nd1 Rfc8 16. b3 (16. Ne3 f6 17. Bh4 Bh6 $1) 16...
Nac5 17. Ne3 Qb5 18. Nc4 Bf8 19. Qe3 Nb6 $1 20. Rac1 a5 $11 {
Kharlamov-Dydyshko, Harkany op 1991}) 12. Nxb5 Qb6 {Black has to play actively
in order to compensate the bad B on g7.} (12... Nc5 $6 13. Ne2 Qd7 14. Nbc3 b5
15. b4 $16) 13. Nc3 Nc5 14. Rb1 $1 (14. b3 Nh5 15. Be3 Nf4 16. g3 Nfd3+ 17. Kf1
Qa6 18. Kg2 b5 19. Nh3 b4 20. Nd1 f5 $13 {Petursson,M-Dolmatov,S/WchT Luzern
1993/CBM 38/1/2-1/2 (37)}) 14... Nh5 15. Be3 Nf4 16. g3 Nfd3+ 17. Kf1 Qb4 $1 (
17... Qa6 18. Kg2 f5 $2 19. b4 $18) 18. Kg2 Rac8 {This is a natural move, but
not more than that.} (18... a5 $5 {/\ a4 looks more promising}) 19. Nh3 (19.
Nge2 f5 $13) 19... a5 (19... f5 20. Rhd1) 20. Rhd1 Qc4 $2 {Overlooking White's
nice reply on the 22. move} (20... a4 $13) 21. b3 Qb4 {[#]} (21... Qa6 $2 22.
a3) 22. a3 $1 {It is good for White to exchange the a pawn to the more
important d6 one.} Qxa3 23. Nb5 Qb4 24. Qxb4 (24. Nxd6 Ra8) 24... axb4 25. Nxd6
Ra8 {The endgame is very good for White because of the protected passed pawn
and the virtual pawn majority due to the doubled pawns on the b line.} 26. Nxb7
(26. Rd2 $5 {White wants to avoid the penetration of the enemy rook on the 2.
line.} Ra3 (26... Ra7 27. Rbd1) 27. Nxb7 Nxb7 28. Rxd3 Rc8 29. Rb2 Bf8) 26...
Ra2+ 27. Kg1 Nxb7 28. Rxd3 Rc8 29. d6 (29. Nf2 Bf8) 29... Bf6 30. Nf2 Rcc2 31.
Rbd1 Bd8 32. R1d2 f6 33. Rxc2 Rxc2 34. Kf1 Kf7 35. d7 Ke6 36. Rd5 Na5 $6 (36...
Rc3 $5 37. Nd3 Rxb3 38. Ke2 Rb1) 37. Bc5 Nxb3 38. Bxb4 Rc7 $2 (38... Rc1+ 39.
Kg2 Rc2 40. Rd6+ Kf7 41. f4 exf4 42. gxf4 Rc4) 39. Rd6+ Kf7 40. Nd3 Nd4 41. f4
Rc6 42. Rd5 Rc4 43. Ba5 $2 (43. fxe5 $18) 43... Nc6 $1 44. Bxd8 Nxd8 45. Nc5 (
45. fxe5 Rxe4) 45... exf4 46. gxf4 Ke7 47. Kf2 (47. Kg2 f5) 47... f5 $1 48. Ke3
fxe4 49. Nxe4 Rc2 50. h3 Ke6 51. Rd3 Rc7 52. Ng5+ Ke7 53. Nxh7 Ne6 (53... Rxd7
$4 54. Rxd7+ Kxd7 55. Nf8+ $18) 54. Rd5 Rxd7 $11 55. Re5 Kf7 56. h4 Ra7 57.
Ng5+ Nxg5 58. hxg5 Ra3+ 59. Ke4 Ra4+ 60. Kf3 Ra3+ 61. Kg4 Rb3 62. Rc5 Ra3 63.
Rc7+ Kf8 64. Rh7 Kg8 65. Rh3 Ra4 66. Rd3 Kf7 67. Rd7+ Kf8 68. Kf3 Rb4 69. Ke3
Ra4 70. Rd4 Ra7 71. Ke4 Kf7 72. Rd6 Re7+ 73. Kd5 Kg7 74. Re6 Rf7 75. Re4 Rf5+
76. Ke6 Kg8 77. Rd4 Kg7 78. Rd7+ 1/2-1/2